Statistics for Which one has the Most - Multiple Choice

Click here to take the quiz!

General Stats

  • This quiz has been taken 97 times
  • The average score is 7 of 20

Answer Stats

Question Answer % Correct
most followers?Christianity
64%
most Super Bowl wins?New England Patriots
64%
most medals in Winter Olympics?Norway
61%
most zeros?Tredecillion
58%
most players on the field (per team)?rugby union
45%
most skyscrapers?Hong Kong
44%
most JetPunk countries?Africa
40%
most Oscars?Ben Hur
35%
most passengers?Ryanair
33%
most Premier League wins (since 1992)?Chelsea
33%
most recipes?lemon
31%
most sheep?Australia
31%
most U.N. members recognizing them?Palestine
29%
most people?Scotland
29%
most followers on Twitter (as of 2018)?Katy Perry
29%
most viewers?NBC
27%
most foreign embassies?Brussels
26%
most years in office?Louis XIV
13%
most tourists?Prague
13%
most takes?relessness
12%

Score Distribution

Percentile by Number Answered

Percent of People with Each Score

Your Score History

You have not taken this quiz